| 000 | 00000nam##2200000za#4500 |
| 001 | 9.525315 |
| 003 | CaOODSP |
| 005 | 20220623094105 |
| 007 | ta |
| 008 | 150406|1995||||xxc||||| f|0| 0 fre|d |
| 020 | |a0-662-61598-0 |
| 040 | |aCaOODSP|bfre |
| 041 | |aeng |
| 041 | |afre |
| 043 | |an-cn--- |
| 086 | 1 |aC21-23/2 |
| 110 | 1 |aCanada.|bIndustrie Canada. |bDirection de l'analyse micro-économique. |
| 245 | 10|aLes initiatives d'expansion commerciale dans les filiales de multinationales au Canada / |cpar Julian Birkinshaw. |
| 260 | |aOttawa - Ontario : |bIndustrie Canada. |c1995. |
| 300 | |aTexte français, vii, 81p. : |bfigures, graphiques, références, tableaux ; |c23 cm. |
| 490 | 1 |aDocument hors série|vN° 2, janvier 1995 |
| 500 | |a«Si une filiale envisage, par exemple, de fabriquer un produit pour le marché mondial, elle doit prouver qu'elle peut le faire d'une manière efficiente et efficace. Le processus qui consiste à trouver un débouché, à élaborer une proposition et à convaincre la direction de la société mère d'accorder un mandat mondial exclusif est ce que l'on appelle ici «l'initiative» d'une filiale, c'est-à-dire un projet d'expansion commerciale auquel se consacre activement la direction de la filiale pour obtenir un mandat international.»--Résumé. |
| 520 | 3 |aSi une filiale envisage, par exemple, de fabriquer un produit pour le marché mondial, elle doit prouver qu'elle peut le faire d'une manière efficiente et efficace. Le processus qui consiste à trouver un débouché, à élaborer une proposition et à convaincre la direction de la société mère d'accorder un mandat mondial exclusif est ce que l'on appelle ici l'initiative d'une filiale, c'est-à-dire un projet d'expansion commerciale auquel se consacre activement la direction de la filiale pour obtenir un mandat international.--Résumé |
| 546 | |aBilingue |
| 563 | |aCouverture souple |
| 691 | 07|aMultinationale|2gcpds |
| 720 | 1 |aBirkinshaw, Julian |
| 776 | 0#|tBusiness development initiatives of multinational subsidiaries in Canada : |w(CaOODSP)9.570568 |
| 776 | 0#|tLes initiatives d'expansion commerciale dans les filiales de multinationales au Canada : |w(CaOODSP)9.601216 |
| 791 | |tBusiness development initiatives of multinational subsidiaries in Canada / |eeng|w(CaOODSP)9.525314 |
| 830 | #0|aDocument hors série (Canada. Industrie Canada)|vN° 2, janvier 1995|w(CaOODSP)9.509051 |